000 00687nam a2200181 a 4500
008 090116s2001 ||||||||||||||||| || u
020 _a0749433434
050 _aLB 1027 And
100 _aAndrews, Kay
245 1 0 _aExtra learning: new opportunities for the out of school hours
_cKay Andrews
260 _aLondon:
_bKogan Page
_c2001
300 _aviii, 264p.
350 _a0.00
650 0 _aLEARNING
650 _aSTUDENT ACTIVITIES--GREAT BRITAIN
650 _aACTIVITY PROGRAMS IN EDUCATION--GREAT BRITAIN
995 _D0.00
_FCBU-MAIN LIBRARY (Kitwe)
_H1
_I0.00
_M1
_UAVAILABLE
_WFeb 19, 2009
_ZMain Library Open Access Collection
999 _c43032
_d43032